000 00926nam a2200265 u 4500
005 20241203063725.0
008 200123s1976 ag r 000 0 spa d
035 _aUPN01000235079
040 _aMX-MxUPN
_bspa
_cMX-MxUPN
041 1 _aspa
_hfre
050 4 _a HM435
_bA76 1976
100 1 _aAron, Raymond,
_d1905-1983
_928754
240 1 0 _aLes etapes de la pensee sociologique.
_lEspañol
245 1 4 _aLas etapas del pensamiento sociológico
260 _aBuenos Aires, Argentina :
_bEdiciones Siglo XX,
_c1976.
300 _a2 volúmenes
500 _a Traducción de: Les etapes de la pensee sociologique.
505 0 _aContenido: v. 1. Montesquieu - Comte - Marx - Tocqueville. -- v. 2. Durkheim - Paveto - Weber.
650 4 _aSociología
_xHistoria
_97604
700 1 _947202
_aLeal, Aníbal
_etraducción
902 _bNoemiAcosta/230323
905 _aLibro
942 _n0
_2lcc
_cLIBRO
999 _c207174
_d207174